ახტალის (ფსევდოვულკანური) ტალახის სამკურნალო თვისებები / (ბიბ.ჩანაწერი № 62005)
[ მარტივი ფორმატი ]
| 000 -ლიდერი | |
|---|---|
| ფიქსირებული სიგრძის საკონტროლო ველი | 00974nam a22001937a 4500 |
| 003 - საკონტროლო ნომრის იდენტიფიკატორი | |
| საკონტროლო ველი | Ge_BSU |
| 005 - ბოლო ოპერაციის თარიღი და დრო | |
| საკონტროლო ველი | 20240620174318.0 |
| 008 - ფიქსირებული სიგრძის მონაცემთა ელემენტები - ზოგადი ინფორმაცია | |
| ფიქსირებული სიგრძის საკონტროლო ველი | 240620s1964 ge ||||| |||| 00| 0 geo d |
| 041 ## - ენის კოდი | |
| Language code of text/sound track or separate title | geo |
| 080 ## - უნივერსალური ათობითი კლასიფიკაციის ინდექსი | |
| Universal Decimal Classification number | 615.838.7(479.22) ფ-30 |
| 100 ## - მთავარი ჩანაწერი - პიროვნების სახელი | |
| Personal name | ფარჯანაძე, შალვა |
| 9 (RLIN) | 22469 |
| 245 ## - ცნობა სათაურის შესახებ | |
| Title | ახტალის (ფსევდოვულკანური) ტალახის სამკურნალო თვისებები / |
| Statement of responsibility, etc | შალვა ფარჯანაძე; რედ. კ. ელიაშვილი. |
| 264 ## - წარმოების, გამოცემის, დისტრიბუციის და სხვა ცნობები | |
| გამოცემის, წარმოების, დისტრიბუციის... ადგილი | თბ. : |
| გამოცემის, წარმოების, დისტრიბუციის... სახელწოდება | საბჭ. საქართველო, |
| გამოცემის, წარმოების, დისტრიბუციის... თარიღი | 1964. |
| 300 ## - ფიზიკური აღწერა | |
| Extent | 188 გვ. : |
| Other physical details | ილ. ; |
| Dimensions | 20 სმ. |
| 490 ## - სერიის ცნობა | |
| Series statement | ექიმის ბიბლიოთეკა |
| 653 ## - INDEX TERM--UNCONTROLLED | |
| Uncontrolled term | სამკურნალო ტალახი საქართველოში |
| 700 ## - ADDED ENTRY--PERSONAL NAME | |
| Personal name | ელიაშვილი, კ. |
| Relator term | რედაქტორი |
| 9 (RLIN) | 22483 |
| 942 ## - ADDED ENTRY ELEMENTS (KOHA) | |
| Source of classification or shelving scheme | |
| Koha item type | წიგნი |
არაა ხელმისაწვდომი ეგზემპლარები.
